| 000 | 00832nam a22002417a 4500 | ||
|---|---|---|---|
| 005 | 20240530110436.0 | ||
| 008 | 150328s2011 ua g 000 d ara d | ||
| 017 |
_a2011/15359 _bمصر . دار الكتب المصرية |
||
| 020 | _a9772089335 | ||
| 040 | _aEG-CaGPL | ||
| 082 | 0 | 4 |
_221 _a812.043\ _bم هـ |
| 100 | 0 | _aمحمد صلاح الشربينى | |
| 245 | 1 | 0 |
_aهيا ننشر السلام : _bمسرحية / _cبقلم محمد صلاح الشربينى |
| 246 | 1 | 0 | _aLet us, Distribute Peace |
| 250 | _aط1 | ||
| 260 |
_aالقاهرة : _bمكتبة مدبولى ، _c2011 |
||
| 300 |
_a247 ص ؛ _c22 سم |
||
| 650 | 0 | 4 | _aالمسرحيات العربية |
| 650 | 0 | 4 |
_aالسلام _xمسرحيات |
| 650 | 0 | 4 | _aالادب العربى |
| 942 |
_2ddc _cBK |
||
| 999 |
_c60959 _d60959 |
||